Advances in Cryptology - CRYPTO 2013 : 33rd Annual Crytpology Conference : Proceedings, Part I, Santa Barbara, CA, USA, August 2013 /

Salvato in:
Dettagli Bibliografici
Altri autori: Canetti, Ran (Redattore), Garay, Juan A. (Redattore)
Natura: Libro
Lingua:inglese
Pubblicazione: Berlin : Springer Verlag, 2013
Tags: Aggiungi Tag
Nessun Tag, puoi essere il primo ad aggiungerne!!

MARC

LEADER 00000nam a22000003a 4500
001 0014227
003 SK-STU
005 20160504103535.7
007 ta
008 160504s ----xo-----e------000-0-----d
020 |a 978-3-642-40040-7 
040 |a STU  |b slo 
041 0 |a eng 
044 |a gw 
080 |a 004.056.53 
100 1 |a Canetti, Ran  |4 edt 
245 1 0 |a Advances in Cryptology - CRYPTO 2013 :  |b 33rd Annual Crytpology Conference : Proceedings, Part I, Santa Barbara, CA, USA, August 2013 /  |c ed. Ran Canetti ; ed. Juan A Garay 
260 |a Berlin :  |b Springer Verlag,  |c 2013 
300 |a 590 s. 
700 1 |a Garay, Juan A.  |4 edt 
996 |b 284EK89670  |c E* 89670  |l EE35  |s P  |a 0  |w 0014227_0001